[Event "Solingen-ch"]
[Site "Solingen"]
[Date "2010.11.19"]
[Round "5"]
[White "Baumann, Ralf"]
[Black "Maczkowiak, Thomas"]
[Result "1/2-1/2"]
[WhiteElo "1812"]
[BlackElo "1943"]
[PlyCount "107"]
[EventDate "2010.??.??"]
[SourceDate "2010.09.15"]
[WhiteTeam "Ohligser TV"]
[BlackTeam "SG Ennepe/Ruhr/Süd"]

1. e4 c6 2. d4 d5 3. Nc3 dxe4 4. Nxe4 Bf5 5. Ng3 Bg6 6. Nf3 Nd7 7. Bc4 Ngf6 8.
Bb3 e6 9. O-O Be7 10. Qe2 O-O 11. Rd1 Re8 12. Nh4 Nd5 13. Nxg6 hxg6 14. c4 N5b6
15. Bf4 Bg5 16. Bxg5 Qxg5 17. Ne4 Qe7 18. c5 Nc8 19. f4 Nf6 20. Ng5 Nd5 21. Qf2
f6 22. Bxd5 cxd5 23. Nf3 Kf7 24. Re1 Qd7 25. Re2 Ne7 26. g4 Nc6 27. Rf1 Rh8 28.
Re3 Rae8 29. Kh1 Qc7 30. a3 a5 31. Rb3 Kg8 32. Nh4 Nxd4 33. Rd3 Nc6 34. Nxg6
Rh6 35. Nh4 Qf7 36. Rf3 Nd4 37. Rd3 Nc6 38. Rfd1 Rd8 39. Rf3 d4 40. g5 Rh5 41.
Ng2 Rd5 42. Rc1 fxg5 43. fxg5 Rf5 44. Rxf5 Qxf5 45. Qxf5 exf5 46. h4 Kf7 47.
Re1 Rh8 48. Kh2 g6 49. Kg3 Rd8 50. Nf4 d3 51. Rd1 d2 52. Kf2 Ne5 53. b3 Rd4 54.
Ng2 1/2-1/2

[Event "Solingen-ch"]
[Site "Solingen"]
[Date "2010.11.19"]
[Round "5"]
[White "Boschek, Hans-Joachim"]
[Black "Kowalzick, Uwe"]
[Result "1-0"]
[WhiteElo "1946"]
[BlackElo "1620"]
[PlyCount "73"]
[EventDate "2010.??.??"]
[SourceDate "2010.09.15"]
[WhiteTeam "SV Hilden"]
[BlackTeam "Velberter SG"]

1. c4 c5 2. g3 Nc6 3. Bg2 Nf6 4. Nc3 d6 5. e3 g6 6. Nge2 Bg7 7. O-O O-O 8. d3
Ng4 9. d4 cxd4 10. exd4 f5 11. h3 Nf6 12. Be3 h6 13. Qd2 Kh7 14. Rad1 Qd7 15.
d5 Ne5 16. b3 Nf7 17. Nd4 Ne4 18. Nxe4 Bxd4 19. Qxd4 fxe4 20. Qxe4 e5 21. dxe6
Qxe6 22. Qxe6 Bxe6 23. Kh2 Bc8 24. Rfe1 a5 25. Bf4 Ra6 26. Re7 Kg8 27. Bd5 Kg7
28. Rde1 Kf6 29. Rc7 Ne5 30. Bxh6 Re8 31. Bg7+ Kf5 32. Rf7+ Nxf7 33. Rxe8 Bd7
34. Re7 Ne5 35. Bxe5 dxe5 36. Rxd7 a4 37. b4 1-0

[Event "Solingen-ch"]
[Site "Solingen"]
[Date "2010.11.19"]
[Round "5"]
[White "Düxmann, Marcel"]
[Black "Hobusch, Jan"]
[Result "0-1"]
[WhiteElo "1666"]
[BlackElo "1892"]
[PlyCount "35"]
[EventDate "2010.??.??"]
[SourceDate "2010.09.15"]
[WhiteTeam "SC Solingen 1928"]
[BlackTeam "SG Solingen"]

1. d4 Nf6 2. c4 c6 3. Nf3 d5 4. Nc3 e6 5. Bg5 dxc4 6. a4 Bb4 7. Qc2 Nbd7 8. e4
Qa5 9. Bd2 b5 10. Be2 Bb7 11. O-O Bxc3 12. axb5 Qb6 13. Bxc3 cxb5 14. Ba5 Bxe4
15. Qxe4 Nxe4 16. Bxb6 Nxb6 17. b3 Nc3 18. Bd1 0-1

[Event "Solingen-ch"]
[Site "Solingen"]
[Date "2010.11.19"]
[Round "5"]
[White "Müller, Ernst"]
[Black "Schikowsky, Andreas"]
[Result "1-0"]
[WhiteElo "1517"]
[BlackElo "1883"]
[PlyCount "67"]
[EventDate "2010.??.??"]
[SourceDate "2010.09.15"]
[WhiteTeam "SG Solingen"]
[BlackTeam "Vonkeln"]

1. e4 c5 2. c3 d5 3. Bb5+ Bd7 4. Bxd7+ Qxd7 5. e5 Nc6 6. d4 e6 7. Nf3 Nge7 8.
Bf4 Ng6 9. Bg3 cxd4 10. cxd4 Bb4+ 11. Nc3 Bxc3+ 12. bxc3 O-O 13. O-O Na5 14.
Qd3 Rac8 15. h4 Rc4 16. h5 Ne7 17. Bf4 f5 18. exf6 gxf6 19. Nd2 Rcc8 20. Rfe1
Nf5 21. Qh3 Rc6 22. g4 Nd6 23. Nb3 Nxb3 24. axb3 a6 25. Re3 Rf7 26. Rae1 Re7
27. Qh4 Ne8 28. g5 fxg5 29. Bxg5 Rg7 30. Kh1 Qc8 31. Bh6 Rf7 32. Rg1+ Kh8 33.
Qg5 Nf6 34. Bg7+ 1-0

[Event "Solingen-ch"]
[Site "Solingen"]
[Date "2010.11.19"]
[Round "5"]
[White "Bauer, Matthias"]
[Black "Kublanow, Vladislav"]
[Result "0-1"]
[WhiteElo "1652"]
[BlackElo "1409"]
[PlyCount "124"]
[EventDate "2010.??.??"]
[SourceDate "2010.09.15"]
[WhiteTeam "SV Günningsfeld"]
[BlackTeam "SG Solingen"]

1. e4 e5 2. Nf3 Nc6 3. Bc4 d6 4. h3 Be7 5. d3 Nf6 6. Bg5 h6 7. Be3 Be6 8. Nbd2
O-O 9. c3 d5 10. Bb5 d4 11. cxd4 Nxd4 12. Nxd4 exd4 13. Bf4 c5 14. O-O a6 15.
Bc4 Nd7 16. Bxe6 fxe6 17. Qg4 Kh8 18. e5 Rxf4 19. Qxf4 Bg5 20. Qg4 Bxd2 21.
Qxe6 Bf4 22. Rfe1 Qc7 23. Qe7 Rc8 24. e6 Nf6 25. Qxc7 Rxc7 26. Re2 Nd5 27. a3
b5 28. g3 Bd6 29. Rc1 Nb6 30. Re4 Re7 31. b4 c4 32. Rce1 cxd3 33. Rxd4 d2 34.
Rxd2 Nc4 35. Rd3 Kg8 36. Re4 Be5 37. f4 Bc7 38. Kg2 Nd6 39. Re2 Kf8 40. Rd5 Ke8
41. f5 Nc4 42. Rd3 Bb6 43. Re4 Rc7 44. Kf3 Ke7 45. Kg4 Kf6 46. Rd7 Ne5+ 47.
Rxe5 Rxd7 48. Re4 Rd4 49. Kf4 Bc7+ 50. Kf3 Rxe4 51. Kxe4 Bxg3 52. Kd5 Ke7 53.
Kc6 Bd6 54. Kd5 Bc7 55. Kc6 Bd8 56. Kd5 Kf6 57. Ke4 a5 58. bxa5 Bxa5 59. Kd5
Bd8 60. Ke4 Be7 61. h4 Bxa3 62. h5 Be7 0-1

[Event "Solingen-ch"]
[Site "Solingen"]
[Date "2010.11.15"]
[Round "5"]
[White "Falge, Rainer"]
[Black "Wolf, Wieland"]
[Result "1-0"]
[WhiteElo "1553"]
[BlackElo "1383"]
[PlyCount "35"]
[EventDate "2010.??.??"]
[SourceDate "2010.09.15"]
[WhiteTeam "SG Solingen"]
[BlackTeam "SG Solingen"]

1. e4 c5 2. Ne2 d6 3. d4 cxd4 4. Nxd4 Nf6 5. Nc3 a6 6. a4 Nc6 7. Be3 e5 8. Nxc6
bxc6 9. Bc4 Be6 10. Qe2 d5 11. exd5 cxd5 12. Bxa6 d4 13. Rd1 Qa5 14. Bb5+ Ke7
15. Bxd4 exd4 16. Rxd4 Qb6 17. Rd7+ Nxd7 18. Nd5+ 1-0

[Event "Solingen-ch"]
[Site "Solingen"]
[Date "2010.11.19"]
[Round "5"]
[White "Schubert, Florian"]
[Black "Kirschbaum, Alexander"]
[Result "0-1"]
[WhiteElo "742"]
[BlackElo "1531"]
[PlyCount "30"]
[EventDate "2010.??.??"]
[SourceDate "2010.09.15"]
[WhiteTeam "SG Solingen"]
[BlackTeam "SG Solingen"]

1. e4 e5 2. Nf3 Nc6 3. Bc4 Nf6 4. Bd5 Nxd5 5. exd5 e4 6. Qe2 Qe7 7. dxc6 exf3
8. Qxe7+ Bxe7 9. O-O O-O 10. cxb7 Bxb7 11. gxf3 Bxf3 12. Re1 Rfe8 13. Nc3 Bc5
14. Rxe8+ Rxe8 15. d3 Re1# 0-1

[Event "Solingen-ch"]
[Site "Solingen"]
[Date "2010.11.19"]
[Round "5"]
[White "Möller, Laura"]
[Black "Littek, Oliver"]
[Result "1-0"]
[WhiteElo "781"]
[BlackElo "707"]
[PlyCount "49"]
[EventDate "2010.??.??"]
[SourceDate "2010.09.15"]
[WhiteTeam "SG Solingen"]
[BlackTeam "SG Solingen"]

1. e4 e5 2. Nf3 Nc6 3. Nc3 d6 4. Bc4 Be6 5. d3 Qe7 6. Be3 O-O-O 7. Bb5 Qd7 8.
h3 Be7 9. O-O Nf6 10. a3 a6 11. Ba4 Ne8 12. d4 Bf6 13. d5 Bxh3 14. Qe2 Qg4 15.
g3 Bxf1 16. Kxf1 Qh3+ 17. Kg1 Ne7 18. Qc4 Qg4 19. Nh2 Bh4 20. Nxg4 b5 21. Nxb5
axb5 22. Qxb5 Rf8 23. Qa6+ Kb8 24. Qa7+ Kc8 25. Qa8# 1-0

[Event "Solingen-ch"]
[Site "Solingen"]
[Date "2010.11.26"]
[Round "6"]
[White "Peschel, Andreas"]
[Black "Meertens, Martin"]
[Result "0-1"]
[WhiteElo "2173"]
[BlackElo "2154"]
[PlyCount "60"]
[EventDate "2010.??.??"]
[SourceDate "2010.09.15"]

1. d4 d5 2. Nf3 Nf6 3. c4 c6 4. g3 Bf5 5. Bg2 Bxb1 6. Rxb1 Qa5+ 7. Bd2 Qxa2 8.
cxd5 Qxd5 9. O-O e6 10. e4 Qb5 11. Ne5 Nbd7 12. Nxd7 Nxd7 13. d5 e5 14. Bc3 h5
15. Rc1 c5 16. f4 Bd6 17. Bh3 f6 18. Rc2 c4 19. Bxd7+ Qxd7 20. fxe5 fxe5 21.
Rf5 g6 22. Rxe5+ Bxe5 23. Bxe5 O-O 24. Rxc4 Rac8 25. Rxc8 Qxc8 26. Bd4 h4 27.
Bxa7 Qc4 28. d6 Qxe4 29. d7 h3 30. Qb3+ Kh7 0-1

[Event "Solingen-ch"]
[Site "Solingen"]
[Date "2010.11.26"]
[Round "6"]
[White "Görke, Joachim"]
[Black "Kappelt, Jörg"]
[Result "0-1"]
[WhiteElo "2154"]
[BlackElo "2201"]
[PlyCount "46"]
[EventDate "2010.??.??"]
[SourceDate "2010.09.15"]

1. d4 Nf6 2. c4 g6 3. Nc3 Bg7 4. e4 d6 5. f3 O-O 6. Be3 e5 7. d5 c6 8. Qd2 cxd5
9. cxd5 Nh5 10. g4 Nf4 11. O-O-O Nd7 12. Nge2 a6 13. h4 b5 14. Nxf4 exf4 15.
Bxf4 Ne5 16. Be2 b4 17. Na4 Qa5 18. b3 Bd7 19. Bh6 Bxh6 20. Qxh6 Bxa4 21. f4
Bxb3 22. axb3 Qa1+ 23. Kc2 Qa2+ 0-1

[Event "Solingen-ch"]
[Site "Solingen"]
[Date "2010.11.26"]
[Round "6"]
[White "Bashylin, Seva"]
[Black "Borchert, Stephan"]
[Result "0-1"]
[WhiteElo "1686"]
[BlackElo "1897"]
[PlyCount "86"]
[EventDate "2010.??.??"]
[SourceDate "2010.09.15"]

1. e4 c5 2. Nc3 e6 3. g3 Nc6 4. Bg2 g6 5. d3 Bg7 6. f4 Nge7 7. Nf3 O-O 8. O-O
b6 9. Be3 d5 10. exd5 exd5 11. Bf2 Bg4 12. h3 Bc8 13. Qd2 Bb7 14. d4 Na5 15.
dxc5 Nc4 16. Qc1 d4 17. Ne2 bxc5 18. Nh4 Bxg2 19. Nxg2 Rb8 20. b3 Nd6 21. Rb1
Ne4 22. Be1 Nd5 23. f5 Re8 24. fxg6 hxg6 25. Qa3 Rb7 26. Rd1 Qg5 27. Rd3 Rbe7
28. Nef4 Ne3 29. Nxe3 dxe3 30. Rd5 Re5 31. Rxe5 Rxe5 32. Ne2 Nd2 33. Rf4 Qh5
34. Qa6 Nf3+ 35. Rxf3 Qxf3 36. Nf4 e2 37. Nd3 Qf1+ 38. Kh2 Rh5 39. h4 Bd4 40.
g4 Qg1+ 41. Kh3 Re5 42. Nxe5 Bxe5 43. Qxe2 Qh1+ 0-1

[Event "Solingen-ch"]
[Site "Solingen"]
[Date "2010.11.26"]
[Round "6"]
[White "Kublanow, Vladislav"]
[Black "Maczkowiak, Thomas"]
[Result "1-0"]
[WhiteElo "1409"]
[BlackElo "1943"]
[PlyCount "95"]
[EventDate "2010.??.??"]
[SourceDate "2010.09.15"]

1. d4 Nf6 2. Nf3 d5 3. Bf4 Bf5 4. Nbd2 e6 5. e3 Bd6 6. Be5 O-O 7. Be2 c6 8. O-O
Bxe5 9. Nxe5 Nfd7 10. Ndf3 Nxe5 11. Nxe5 Nd7 12. Nd3 Qe7 13. c3 e5 14. dxe5
Nxe5 15. Nxe5 Qxe5 16. Qd4 Rfe8 17. Qxe5 Rxe5 18. Rfd1 Rae8 19. Rd4 f6 20. Rad1
Kf7 21. c4 Be6 22. cxd5 Bxd5 23. Bc4 Bxc4 24. Rxc4 Re4 25. Rcd4 Rxd4 26. Rxd4
Re6 27. Kf1 Ke7 28. Ke2 Rd6 29. Kd3 c5 30. Rxd6 Kxd6 31. Kc4 Kc6 32. a4 b6 33.
e4 a6 34. b3 b5+ 35. Kc3 f5 36. exf5 Kd5 37. g4 Ke5 38. f3 Kf4 39. h3 h6 40. h4
Ke5 41. axb5 axb5 42. Kd3 h5 43. Ke3 hxg4 44. fxg4 c4 45. bxc4 bxc4 46. h5 c3
47. Kd3 Kf4 48. h6 1-0

[Event "Solingen-ch"]
[Site "Solingen"]
[Date "2010.11.26"]
[Round "6"]
[White "Müller, Ernst"]
[Black "Baumann, Ralf"]
[Result "0-1"]
[WhiteElo "1517"]
[BlackElo "1812"]
[PlyCount "128"]
[EventDate "2010.??.??"]
[SourceDate "2010.09.15"]

1. e4 e5 2. Nf3 Nc6 3. Bc4 Nf6 4. d3 Be7 5. Nc3 d6 6. h3 O-O 7. Be3 Na5 8. Nd2
a6 9. Qe2 b5 10. Bb3 Bd7 11. Nd5 Nxd5 12. Bxd5 c6 13. Bb3 Nb7 14. a3 Qc8 15.
Qh5 a5 16. c3 a4 17. Bc2 Be8 18. Qe2 f6 19. Qg4 Bd7 20. Qg3 Qe8 21. f4 exf4 22.
Bxf4 d5 23. O-O-O Qf7 24. Rhf1 Na5 25. Kb1 d4 26. c4 b4 27. Bxa4 bxa3 28. b3
Nb7 29. Ka2 Nc5 30. Rb1 Nxa4 31. bxa4 Rxa4 32. Bd6 Qe6 33. Bf4 Rfa8 34. Rb8+
Rxb8 35. Bxb8 c5 36. Rb1 Rb4 37. Ba7 Bd6 38. Qf2 Be7 39. Rxb4 cxb4 40. Qxd4 Bc6
41. Nb3 f5 42. Nc5 Qh6 43. Qf2 Qc1 44. Nb3 Qd1 45. Qd2 Qxd2+ 46. Nxd2 Bg5 47.
Nf3 Bf6 48. exf5 Bc3 49. d4 Ba4 50. d5 b3+ 51. Kxa3 b2 52. Nd2 Bxd2 53. Kxb2
Kf7 54. Bd4 Bf4 55. c5 Bg5 56. Be5 Bf6 57. Bxf6 gxf6 58. c6 Ke7 59. Ka3 Bc2 60.
g4 Be4 61. c7 Kd7 62. d6 Bb7 63. g5 fxg5 64. Kb4 Kxd6 0-1

[Event "Solingen-ch"]
[Site "Solingen"]
[Date "2010.11.26"]
[Round "6"]
[White "Beil, Detlef"]
[Black "Falge, Rainer"]
[Result "1-0"]
[WhiteElo "1996"]
[BlackElo "1553"]
[PlyCount "97"]
[EventDate "2010.??.??"]
[SourceDate "2010.09.15"]

1. e4 d6 2. d4 Nf6 3. Nc3 g6 4. Bg5 Bg7 5. Be2 O-O 6. h4 c6 7. h5 Qa5 8. Qd2
Na6 9. hxg6 fxg6 10. Bh6 Rf7 11. O-O-O b5 12. e5 b4 13. exf6 bxc3 14. Qxc3
Bxh6+ 15. Rxh6 Qxc3 16. bxc3 Rxf6 17. f3 Nc7 18. Bc4+ Be6 19. Bb3 a5 20. a4 Kg7
21. Rh2 Rb8 22. Kb2 d5 23. Ne2 g5 24. Re1 Kg6 25. Reh1 Rh8 26. Rh6+ Kg7 27.
R6h2 Kg6 28. Nc1 Bd7 29. Nd3 Be8 30. Nc5 Kg7 31. Re1 h5 32. Nd3 Ne6 33. Re5 Kg6
34. Rh1 Bf7 35. Rhe1 g4 36. R5e3 Nf4 37. Nxf4+ Rxf4 38. fxg4 Rxg4 39. Rxe7 Rxg2
40. Rc7 h4 41. Rxc6+ Kg5 42. Re5+ Kf4 43. Rf6+ Kg3 44. Rxf7 Rg1 45. Rg5+ Kh2
46. Rf2+ Kh3 47. Rxg1 Rb8 48. Rh1+ Kg3 49. Rfh2 1-0

[Event "Solingen-ch"]
[Site "Solingen"]
[Date "2010.11.26"]
[Round "6"]
[White "Kowalzick, Uwe"]
[Black "Möller, Jonas"]
[Result "1-0"]
[WhiteElo "1620"]
[BlackElo "988"]
[PlyCount "97"]
[EventDate "2010.??.??"]
[SourceDate "2010.09.15"]

1. c4 Nf6 2. d4 e6 3. Nc3 b6 4. Bg5 Bb7 5. e4 Be7 6. d5 exd5 7. cxd5 d6 8. Nf3
Nbd7 9. Qd2 O-O 10. O-O-O h6 11. Bf4 c6 12. dxc6 Bxc6 13. Bd3 Nc5 14. Rhe1 d5
15. Nd4 Bb7 16. e5 Nfd7 17. Bxh6 Nxd3+ 18. Qxd3 gxh6 19. f4 Nc5 20. Qh3 Kh7 21.
Qf5+ Kh8 22. Qh5 Bg5 23. fxg5 Qxg5+ 24. Qxg5 hxg5 25. Re3 Ne6 26. Nf5 Rad8 27.
Rh3+ Kg8 28. Ne7+ Kg7 29. Ncxd5 Bxd5 30. Nxd5 Rc8+ 31. Kb1 Rfd8 32. Rhd3 Kg6
33. Ne7+ Kg7 34. Nxc8 Rxc8 35. g3 f6 36. Rd7+ Kg6 37. R1d6 Kf5 38. exf6 Kxf6
39. Rxa7 b5 40. Raa6 Re8 41. Rxe6+ Rxe6 42. Rxe6+ Kxe6 43. Kc2 Ke5 44. Kd3 Kf5
45. h3 Ke5 46. b3 Kd5 47. a4 Kc5 48. axb5 Kxb5 49. Ke4 1-0

[Event "Solingen-ch"]
[Site "Solingen"]
[Date "2010.11.26"]
[Round "6"]
[White "Sherif, Amina"]
[Black "Düxmann, Marcel"]
[Result "0-1"]
[WhiteElo "1080"]
[BlackElo "1666"]
[PlyCount "106"]
[EventDate "2010.??.??"]
[SourceDate "2010.09.15"]

1. e4 d6 2. d4 Nf6 3. Nc3 g6 4. Nf3 Bg7 5. Be2 c6 6. O-O O-O 7. Bf4 b5 8. a4 b4
9. Na2 Nxe4 10. Nxb4 a5 11. Nd3 Qb6 12. Be3 Na6 13. Ra3 Qc7 14. Nd2 Nxd2 15.
Qxd2 Re8 16. Bf3 Rb8 17. Rb1 e5 18. dxe5 dxe5 19. Nc5 Nb4 20. c3 Na6 21. Be2
Nxc5 22. Bxc5 Rd8 23. Qc2 Bf5 24. Qc1 Bxb1 25. Qxb1 Rd2 26. Qe4 Rbxb2 27. Bf3
Qd7 28. h3 Qd5 29. Qe3 e4 30. g3 Rb1+ 31. Kh2 f5 32. c4 Qd7 33. Bg2 Rd3 34. Qf4
Rxa3 35. Bxa3 Qd1 36. h4 Qd8 37. Bd6 Qf6 38. Bc7 Ra1 39. Bxa5 Rxa4 40. Bc7 Rxc4
41. f3 h6 42. Bf1 Rc2+ 43. Bg2 g5 44. hxg5 hxg5 45. Qe3 Rc3 46. Qe2 e3 47. Bb6
f4 48. Qa2+ Kh7 49. Qb1+ Qg6 50. Qd1 c5 51. Bc7 Bd4 52. gxf4 Rc2 53. f5 Qh5+
0-1

[Event "Solingen-ch"]
[Site "Solingen"]
[Date "2010.11.26"]
[Round "6"]
[White "Wolf, Wieland"]
[Black "Kaiser, Stephan"]
[Result "1-0"]
[WhiteElo "1383"]
[BlackElo "1492"]
[PlyCount "65"]
[EventDate "2010.??.??"]
[SourceDate "2010.09.15"]

1. e4 e5 2. Nf3 Nc6 3. Bb5 a6 4. Ba4 Nf6 5. O-O d6 6. d4 b5 7. d5 bxa4 8. dxc6
Nxe4 9. Re1 Bf5 10. c3 Be7 11. Qxa4 Nc5 12. Qd1 Rb8 13. b4 Nd3 14. Re3 Nxc1 15.
Qxc1 Rb6 16. a4 Rxc6 17. b5 Rb6 18. c4 axb5 19. cxb5 O-O 20. Nc3 Bd7 21. Nd5
Rb7 22. Rc3 Qb8 23. Nxe7+ Kh8 24. Nc6 Bxc6 25. Rxc6 Rc8 26. Qc4 f6 27. Nd2 Rd8
28. Rc1 Rd7 29. Qd5 Qa8 30. Ra6 Qb8 31. Qc6 Re7 32. Nc4 Qc8 33. Nxd6 1-0

[Event "Solingen-ch"]
[Site "Solingen"]
[Date "2010.12.10"]
[Round "7"]
[White "Kappelt, Jörg"]
[Black "Boschek, Hans-Joachim"]
[Result "1-0"]
[WhiteElo "2201"]
[BlackElo "1946"]
[PlyCount "53"]
[EventDate "2010.??.??"]
[SourceDate "2010.09.15"]

1. e4 e6 2. Nf3 c5 3. d3 Nc6 4. g3 g6 5. Bg2 Bg7 6. O-O Nge7 7. c3 O-O 8. Be3
d6 9. d4 b6 10. d5 exd5 11. exd5 Ne5 12. Nxe5 Bxe5 13. Bg5 Bg7 14. Re1 f6 15.
Bf4 g5 16. Bc1 Ng6 17. a4 Ne5 18. Rf1 Ba6 19. Re1 Qd7 20. a5 b5 21. f4 Ng6 22.
Re6 Rae8 23. f5 Ne5 24. Nd2 Rxe6 25. dxe6 Qe7 26. Nf1 g4 27. Ne3 1-0

[Event "Solingen-ch"]
[Site "Solingen"]
[Date "2010.12.10"]
[Round "7"]
[White "Kublanow, Vladislav"]
[Black "Peschel, Andreas"]
[Result "0-1"]
[WhiteElo "1409"]
[BlackElo "2173"]
[PlyCount "114"]
[EventDate "2010.??.??"]
[SourceDate "2010.09.15"]

1. Nf3 d5 2. d4 c6 3. Bf4 Qb6 4. b3 Bf5 5. e3 e6 6. c3 Nf6 7. Bd3 Be7 8. O-O
O-O 9. Qc2 Bxd3 10. Qxd3 c5 11. Nbd2 cxd4 12. cxd4 Ba3 13. Ne5 Rc8 14. Ndf3 Ne4
15. Nc4 dxc4 16. bxc4 Bb2 17. Qxe4 Bxa1 18. Rxa1 Rxc4 19. Ng5 g6 20. Be5 Qc6
21. h3 Qxe4 22. Nxe4 Nc6 23. Bf6 Rc2 24. Rb1 b6 25. Nd6 Rf8 26. a3 h6 27. h4
Kh7 28. g4 g5 29. hxg5 hxg5 30. Bxg5 Rg8 31. Ne4 Rg6 32. Kg2 f5 33. Nf6+ Kg7
34. Nh5+ Kf8 35. Bf4 Rxg4+ 36. Kf3 Rh4 37. Nf6 Kf7 38. Nd7 Rc3 39. Ne5+ Nxe5+
40. Bxe5 Rxa3 41. Rc1 Rh7 42. Kf4 Rh4+ 43. Kg5 Rg4+ 44. Kh5 b5 45. Rc7+ Ke8 46.
Bf6 Ra1 47. Bg5 b4 48. Kg6 Rxg5+ 49. Kxg5 Ra6 50. Rb7 Rb6 51. Rxa7 b3 52. Ra1
b2 53. Rb1 Kd7 54. Kf4 Kd6 55. Kf3 Kd5 56. Ke2 Kc4 57. Kd2 Kb3 0-1

[Event "Solingen-ch"]
[Site "Solingen"]
[Date "2010.12.10"]
[Round "7"]
[White "Speck, Stefan"]
[Black "Baumann, Ralf"]
[Result "0-1"]
[WhiteElo "2004"]
[BlackElo "1812"]
[PlyCount "120"]
[EventDate "2010.??.??"]
[SourceDate "2010.09.15"]

1. d4 d5 2. c4 c6 3. Nf3 Nf6 4. Nc3 e6 5. e3 Nbd7 6. Bd3 Be7 7. O-O O-O 8. b3
b6 9. Bb2 Bb7 10. Qc2 h6 11. Rac1 Rc8 12. Qe2 c5 13. cxd5 exd5 14. Rfd1 cxd4
15. Nxd4 Bc5 16. Nf5 h5 17. Qf3 Qc7 18. Qh3 g6 19. Qh4 Rfe8 20. b4 Bxb4 21.
Nxd5 Nxd5 22. Rxc7 Rxc7 23. Nh6+ Kf8 24. Bb5 Be7 25. Qg3 Rec8 26. Bxd7 Rxd7 27.
e4 Nc3 28. Rxd7 Ne2+ 29. Kh1 Nxg3+ 30. hxg3 Bxe4 31. Rxa7 Bd5 32. Bd4 Bg5 33.
Nxf7 Bxf7 34. Bxb6 Be7 35. a4 Bc5 36. Bxc5+ Rxc5 37. Kg1 Rc1+ 38. Kh2 Rf1 39.
f3 Be6 40. Rc7 Ra1 41. Ra7 Bc4 42. a5 Bf1 43. Kh3 Ba6 44. Kh4 Rxa5 45. g4 hxg4
46. fxg4 Kg8 47. Kg3 Ra2 48. Kf4 Bc4 49. Rc7 Bf7 50. g3 Kg7 51. Re7 Kf6 52. Rc7
Ra4+ 53. Kf3 Bd5+ 54. Kf2 Rxg4 55. Rc3 Rg5 56. Ra3 Rf5+ 57. Kg1 Rf3 58. Ra6+
Kf5 59. Kh2 g5 60. Ra7 Rf2+ 0-1

[Event "Solingen-ch"]
[Site "Solingen"]
[Date "2010.12.10"]
[Round "7"]
[White "Kowalzick, Uwe"]
[Black "Görke, Joachim"]
[Result "0-1"]
[WhiteElo "1620"]
[BlackElo "2154"]
[PlyCount "62"]
[EventDate "2010.??.??"]
[SourceDate "2010.09.15"]

1. d4 d5 2. Nf3 Nf6 3. Nc3 Bf5 4. Bf4 c6 5. e3 e6 6. Bd3 Bg6 7. Bxg6 hxg6 8.
Qe2 Bb4 9. O-O Bxc3 10. bxc3 Ne4 11. c4 g5 12. Be5 f6 13. Bg3 g4 14. Nh4 f5 15.
Ng6 Rh6 16. Ne5 Nxg3 17. fxg3 Nd7 18. Nxd7 Qxd7 19. cxd5 cxd5 20. c4 O-O-O 21.
c5 Qc6 22. a4 Rdh8 23. a5 a6 24. Rfb1 Rxh2 25. Kf2 R8h3 26. Rb6 Qc7 27. Rd6 Qe7
28. Rb1 Rxg3 29. Kxg3 Qh4+ 30. Kf4 g3+ 31. Ke5 Qe4# 0-1

[Event "Solingen-ch"]
[Site "Solingen"]
[Date "2010.12.10"]
[Round "7"]
[White "Hobusch, Jan"]
[Black "Beil, Detlef"]
[Result "1-0"]
[WhiteElo "1892"]
[BlackElo "1996"]
[PlyCount "127"]
[EventDate "2010.??.??"]
[SourceDate "2010.09.15"]

1. d4 Nf6 2. Bf4 d5 3. e3 e6 4. Nd2 Bd6 5. Bg3 Bxg3 6. hxg3 Qd6 7. Bd3 Nc6 8.
c3 Bd7 9. Ngf3 e5 10. dxe5 Nxe5 11. Nxe5 Qxe5 12. Nf3 Qd6 13. Qc2 O-O-O 14.
O-O-O h6 15. Rd2 Qb6 16. Ne5 Be6 17. Qa4 Ne4 18. Bxe4 dxe4 19. Rhd1 Rxd2 20.
Rxd2 Rd8 21. Rxd8+ Kxd8 22. Qxe4 Qa6 23. Qd3+ Qxd3 24. Nxd3 Bxa2 25. e4 Ke7 26.
f3 Bc4 27. Ne1 Kd6 28. Kd2 Ke5 29. Ke3 g5 30. f4+ Kf6 31. Nf3 Bf1 32. Kf2 Bc4
33. Nd2 Be6 34. Ke3 Bd7 35. Kd4 Bc6 36. Nc4 Bb5 37. Ne3 Be2 38. Nd5+ Kg6 39.
Ne3 Bb5 40. c4 Ba4 41. Nd5 c6 42. Ne3 b5 43. cxb5 Bxb5 44. b4 Kf6 45. Ng4+ Kg7
46. Ne3 Kf6 47. Kc5 Kg6 48. Kd6 Kf6 49. e5+ Kg6 50. f5+ Kg7 51. e6 fxe6 52.
fxe6 Kf8 53. e7+ Kf7 54. Nf5 h5 55. Nd4 Ba4 56. Nxc6 a6 57. Ne5+ Kf6 58. Nd7+
Kf7 59. Nc5 Bb5 60. Ne4 g4 61. Ng5+ Kf6 62. Ne6 Kf7 63. Nc7 Be8 64. Nxa6 1-0

[Event "Solingen-ch"]
[Site "Solingen"]
[Date "2010.12.10"]
[Round "7"]
[White "Düxmann, Marcel"]
[Black "Bashylin, Seva"]
[Result "0-1"]
[WhiteElo "1666"]
[BlackElo "1686"]
[PlyCount "126"]
[EventDate "2010.??.??"]
[SourceDate "2010.09.15"]

1. d4 Nf6 2. c4 g6 3. Nf3 Bg7 4. e3 d6 5. Be2 O-O 6. O-O Nfd7 7. Nc3 Nc6 8. Rb1
e5 9. b4 f5 10. d5 Ne7 11. Qc2 h6 12. Rd1 g5 13. c5 f4 14. cxd6 cxd6 15. Nb5
Nb6 16. e4 Bg4 17. Qb3 a6 18. Na3 Qe8 19. b5 a5 20. Bd2 Qg6 21. Nxe5 Qxe4 22.
Bxg4 Bxe5 23. Be1 Qg6 24. Be6+ Kh8 25. Bc3 Rf6 26. Rbc1 f3 27. Bxe5 dxe5 28.
Qe3 fxg2 29. Qxe5 Nf5 30. Rd3 Ng7 31. Re3 Re8 32. Qd4 Nxe6 33. dxe6 Qf5 34. Re5
Qf4 35. Qxf4 gxf4 36. Kxg2 f3+ 37. Kg3 Rg8+ 38. Kh3 Re8 39. Rce1 Kg7 40. R1e4
Nc8 41. Nc4 Ne7 42. Nd6 Rg8 43. Rg4+ Ng6 44. Nf5+ Kf8 45. e7+ Ke8 46. Rc5 Nxe7
47. Nxe7 Rxg4 48. Kxg4 Kxe7 49. Rc7+ Kd6 50. Rxb7 Kc5 51. b6 Kb4 52. Rb8 a4 53.
Rc8 Rxb6 54. Kxf3 Ka3 55. Ra8 Rb4 56. Ke3 Kxa2 57. f4 a3 58. Kf3 Kb3 59. Kg4 a2
60. Kf5 Ra4 61. Rb8+ Ka3 62. Rf8 a1=Q 63. Kg6 Ra6+ 0-1

[Event "Solingen-ch"]
[Site "Solingen"]
[Date "2010.12.10"]
[Round "7"]
[White "Maczkowiak, Thomas"]
[Black "Möller, Laura"]
[Result "1-0"]
[WhiteElo "1943"]
[BlackElo "781"]
[PlyCount "31"]
[EventDate "2010.??.??"]
[SourceDate "2010.09.15"]

1. Nf3 e5 2. Nxe5 Nf6 3. d4 Nc6 4. c4 Nxd4 5. Qxd4 d6 6. Nf3 Bf5 7. Nc3 g6 8.
Bg5 Bg7 9. Nd5 O-O 10. Bxf6 Bxf6 11. Nxf6+ Kh8 12. h4 c6 13. h5 Qa5+ 14. Nd2
Rfd8 15. hxg6 c5 16. Rxh7# 1-0

[Event "Solingen-ch"]
[Site "Solingen"]
[Date "2010.12.10"]
[Round "7"]
[White "Falge, Rainer"]
[Black "Müller, Ernst"]
[Result "1-0"]
[WhiteElo "1553"]
[BlackElo "1517"]
[PlyCount "71"]
[EventDate "2010.??.??"]
[SourceDate "2010.09.15"]

1. e4 e5 2. Bc4 Nf6 3. d3 c6 4. f4 exf4 5. Bxf4 d6 6. Nf3 Be7 7. Nc3 Nbd7 8.
Qd2 O-O 9. O-O-O b5 10. Bb3 a5 11. a4 b4 12. Nb1 Nc5 13. Nd4 Bd7 14. h3 Ne6 15.
Nxe6 fxe6 16. e5 Ne4 17. dxe4 Rxf4 18. Qd3 Bg5 19. Qxd6 Rf7+ 20. Nd2 Be7 21.
Qd3 Qc7 22. Nc4 Rd8 23. Nd6 Rf2 24. Qg3 Rdf8 25. Nf5 R2xf5 26. exf5 Rxf5 27.
Qd3 Rf7 28. Qxd7 Bg5+ 29. Kb1 Rxd7 30. Bxe6+ Rf7 31. Rhf1 h6 32. Rxf7 Qxf7 33.
Bxf7+ Kxf7 34. Rd6 c5 35. e6+ Ke7 36. Ra6 1-0

[Event "Solingen-ch"]
[Site "Solingen"]
[Date "2010.12.10"]
[Round "7"]
[White "Möller, Jonas"]
[Black "Bauer, Matthias"]
[Result "1/2-1/2"]
[WhiteElo "988"]
[BlackElo "1652"]
[PlyCount "56"]
[EventDate "2010.??.??"]
[SourceDate "2010.09.15"]

1. d4 d5 2. c4 e6 3. Nc3 Nf6 4. Bf4 c6 5. e3 Nbd7 6. c5 Qa5 7. Nf3 Ne4 8. Qc2
Ndf6 9. Bd3 Be7 10. O-O Nxc3 11. Qxc3 Qxc3 12. bxc3 Nh5 13. c4 O-O 14. cxd5
exd5 15. Bc7 Bd8 16. Bxd8 Rxd8 17. h3 Nf6 18. Rfe1 Re8 19. Re2 Ne4 20. Bxe4
dxe4 21. Ne5 Be6 22. Rd1 f6 23. Ng4 Bc4 24. Rb2 Re7 25. a4 Rd8 26. Nh2 Rd5 27.
Nf1 Bxf1 28. Kxf1 Kf7 1/2-1/2

[Event "Solingen-ch"]
[Site "Solingen"]
[Date "2010.12.10"]
[Round "7"]
[White "Littek, Oliver"]
[Black "Sherif, Amina"]
[Result "0-1"]
[WhiteElo "707"]
[BlackElo "1080"]
[PlyCount "28"]
[EventDate "2010.??.??"]
[SourceDate "2010.09.15"]

1. e4 e5 2. Nf3 Nc6 3. Be2 Nf6 4. O-O Nxe4 5. d3 Nf6 6. Be3 d5 7. d4 Bd6 8. Qd2
Bf5 9. Nh4 Bg6 10. Re1 Ne4 11. Qd1 Qxh4 12. Rf1 exd4 13. Qd2 Nxd2 14. Bxd2
Qxh2# 0-1